000 00531nam a22001577a 4500
082 _aBESE-2 GUL
100 _aGulraiz Khan,
_993501
245 _aDeveloping N-body, structured grids and spectral methods simulation benchmarks for MPJ express
260 _aIslamabad
_bNUST-SEECS
_c2015
300 _a57p.
_eCD Include
500 _aSupervisors: Dr. Aamir Shafi
563 _aHB
700 _aMuhammad Adeel Ehsan, Muhammad Adnan Sharif
_993502
856 _uhttp://10.250.8.41:8080/xmlui/handle/123456789/6834
942 _cPR
_2ddc
999 _c13329
_d13329